000 00561nam a2200193Ia 4500
003 GCL
008 140319s9999 xx 000 0 eng d
040 _aGCL /
_cGCL
082 0 4 _a658.407124
_bM E
100 1 _aFICKEL, ARTUR A.
245 1 0 _aEXECUTIVE DEVELOPMENT: PREPARING FOR THE 21 ST CENTURY /
_cFICKEL, ARTUR A.
700 1 _aMOULTON, HARPER W.
260 _a[S.N] :
_bOXFORD UNIVERSITY PRESS ،
_c1993
300 _a200 P
650 0 4 _aEXECUTIVES - TRAINING
650 0 4 _aINDUSTRIAL MANAGEMENT
650 0 4 _aASSESSMENT CENTERS
942 _2ddc
_cBK
999 _c10188
_d10188